Born in San Diego - Statistics

General Stats
  • This quiz has been taken 46 times
    12 since last reset
  • The average score is 8 of 33
Answer Stats
Hint Answer % Correct
Drag queen, producer, host and judge of "Drag Race" 1960 RuPaul
100%
Actor, "To Kill a Mockingbird" "Roman Holiday" "Gentleman's Agreement" 1916 Gregory Peck
60%
Former running back who played for the Dolphins and Saints and Heisman Trophy winner 1998 1977 Ricky Williams
60%
Pitcher for the Washington Nationals and World Series MVP 2019 1988 Stephen Strasburg
60%
Hall of Fame left fielder who played for the Boston Red Sox and is regarded as one of the greatest hitters in baseball history 1918 Ted Williams
60%
Actor, "Star Wars" sequels "Marriage Story" "BlacKkKlansman" "Silence" 1983 Adam Driver
40%
Actress, "There's Something About Mary" "The Mask" "Charlie's Angels" "Bad Teacher" 1972 Cameron Diaz
40%
Actress, known for her role as Amy Farrah Fowler in "The Big Bang Theory" 1975 Mayim Bialik
40%
Television host, actor and comedian, also known for having 11 children, "The Masked Singer" "America's Got Talent" 1980 Nick Cannon
40%
Golfer and winner of six major championships 1970 Phil Mickelson
40%
Former skateboarder and snowboarder, three-time Olympic gold medalist and record holder fo the most X Games gold medals 1986 Shaun White
40%
Actor, "The Good Place" "Cheers" "A Man on the Inside" 1947 Ted Danson
40%
Former quarterback who played for the Dallas Cowboys 1980 Tony Romo
40%
Second lady of the United States since 2025 and lawyer 1986 Usha Vance
40%
Actress, known for her role as Carol Anne Freeling in "Poltergeist". She died following two cardiac arrests at the age of 12 1975 Heather O'Rourke
20%
Media personality and socialite, she rose to fame starring in "Keeping Up with the Kardashians" 1955 Kris Jenner
20%
Former NBA player who played for the Lakers and Cavaliers and former Head Coach of the Kings and Lakers 1980 Luke Walton
20%
Hall of Fame running back who played for the Raiders and Chiefs and winner of the Heisman Trophy 1981 and NFL MVP 1985 1960 Marcus Allen
20%
Hall of Fame running back who played for the Denver Broncos and NFL MVP 1998 1972 Terrell Davis
20%
Actor, known for his role as Seth Cohen in "The O.C." 1979 Adam Brody
0%
Actress, known for her role as Selina Kyle/Catwoman in "Gotham" 1999 Camren Bicondova
0%
Actor, he won the Academy Award for his role in "Charly" and portrayed Uncle Ben in the "Spider-Man" trilogy 1923 Cliff Robertson
0%
Actor, known for his role as Bobby Briggs in "Twin Peaks" 1967 Dana Ashbrook
0%
Secreatry of the Interior from 2006 to 2009, Senator from Idaho from 1993 to 1999 and Governor of Idaho from 1999 to 2006 1951 Dirk Kempthorne
0%
Transgender actress and TikTok personality, "Days of Girlhood" 1996 Dylan Mulvaney
0%
Basketball player who plays for the Cleveland Cavaliers 2001 Evan Mobley
0%
Governor of Montana since 2021 1961 Greg Gianforte
0%
Australian-American skateboarder and two-time Olympic gold medalist 2003 Keegan Palmer
0%
Actress, known for her role as Rose Tico in the "Star Wars" sequels 1989 Kelly Marie Tran
0%
Actor, "Apocalypse Now" "To Kill a Mockingbird" "M*A*S*H" 1931 Robert Duvall
0%
Cinematographer, "The Sixth Sense" "The Silence of the Lambs" "Ferris Bueller's Day Off" 1939 Tak Fujimoto
0%
Author, "Rizzoli & Isles" series "The Bone Garden" 1953 Tess Gerritsen
0%
Golfer and winner of the Olympic gold medal at the 2020 Summer Olympics 1993 Xander Schauffele
0%
No matching quizzes found
Score Distribution
Percent of People with Each Score
Percentile by Number Answered
Your Score History
You have not taken this quiz since the last reset